000 00310nam a22001217a 4500
008 160423b xxu||||| |||| 00| 0 eng d
020 _a9780801662485
020 _a0801662486
041 _aeng
080 _a618.2
245 _aEmergency nursing principles and practic:
_cSusan Budassi Sheehy;
942 _2udc
_cBK
999 _c1547
_d1547